书目信息 |
| 题名: |
隋唐五代经济史料汇编校注
|
|
| 作者: | 王永兴 编著 | |
| 分册: | 第一编 | |
| 出版信息: | 北京 中华书局 1987 |
|
| 页数: | 397-1065页 | |
| 开本: | 21cm | |
| 丛书名: | ||
| 单 册: | ||
| 中图分类: | F092.2 | |
| 科图分类: | ||
| 主题词: | 经济史--中国--隋唐时代--史料 , 经济思想史 | |
| 电子资源: | ||
| ISBN: | 7-101-00178-5 | |
| 000 | 00714nam0 2200241 45 | |
| 001 | 0187001510 | |
| 005 | 20040425093702.2 | |
| 010 | @a7-101-00178-5@dCNY6.60 | |
| 100 | @a19900808d1987 kemy0chiy0121 ea | |
| 101 | 0 | @achi |
| 102 | @aCN@b110000 | |
| 105 | @ay z 000yy | |
| 106 | @ar | |
| 200 | 10 | @a隋唐五代经济史料汇编校注@Asui tang wu dai jing ji shi liao hui bian jiao zhu@h第一编@h下@f王永兴编著 |
| 210 | @a北京@c中华书局@d1987 | |
| 215 | @d21cm@a397-1065页 | |
| 606 | @a经济史@y中国@z隋唐时代@x史料 | |
| 606 | 0 | @a经济思想史 |
| 690 | @aF092.2 | |
| 701 | 0 | @a王永兴@Awang yong xing@4编著 |
| 801 | 0 | @aCN@b深圳图书馆@c20040425 |
| 801 | 2 | @aCN@bNLC@c20040425 |
| 905 | @f3@b202562-564@dF092.2@e17:1(2) | |
| 隋唐五代经济史料汇编校注.第一编.下/王永兴编著.-北京:中华书局,1987 |
| 21cm;397-1065页 |
| ISBN 7-101-00178-5:CNY6.60 |
| ● |
| 相关链接 |
|
|
|
|
正题名:隋唐五代经济史料汇编校注
索取号:F092.2/17:1(2)
 
预约/预借
| 序号 | 登录号 | 条形码 | 馆藏地/架位号 | 状态 | 备注 |
| 1 | 0202562 | 000195130 | 第一借阅区/ [索取号:F092.2/17:1(2)] | 在馆 | |
| 2 | 0202563 | 000195176 | 第一样本阅览室/ [索取号:F092.2/17:1(2)] | 在馆 | |
| 3 | 0202564 | 000194970 | 密集书库/ [索取号:F092.2/17:1(2)] | 在馆 |